000 00425cam a22001217a 4500
008 180718b1958 xxu||||| |||| 00| 0 eng d
082 _aP5x5421 In2b/1958
100 _aBanaras Hindu University. Enquiry Committee
245 _aReport of the Banaras Hindu University Enquiry Committee
_cby Ministry of Education
260 _aDelhi
_bThe Manager of Publications
_c1958
300 _a44p.
700 _aIndia. Ministry of Education
999 _c489456
_d489456